000 00271nam a22001217a 4500
003 OSt
005 20250728115633.0
008 250728b |||||||| |||| 00| 0 eng d
040 _cDLC
082 _a320.082
_bMOR
245 _aGender and Leadership in Kenya
942 _2ddc
_cBK
999 _c4131
_d4131